Southville International School and Colleges
Your cart is empty.
  • Cart
  • Lists
    Public lists Eva Luna New books Lux_list list_1
    Your lists Log in to create your own lists
  • Log in to your account
  • Your cookies
  • Search history
Southville International School and Colleges
  • Advanced search
  • Recent comments
  • Most popular
  • Libraries

Log in to your account

Log in with GOOGLE


If you do not have an external account, but do have a local account, you can still log in:

  1. Home
  2. MARC view: The magic of play :
Normal view MARC view ISBD view

The magic of play : (Record no. 340284)

[ view plain ]
MARC details
000 -LEADER
fixed length control field 00668nam a2200265Ia 4500
008 - FIXED-LENGTH DATA ELEMENTS--GENERAL INFORMATION
fixed length control field 170712s9999 xx 000 0 und d
020 ## - INTERNATIONAL STANDARD BOOK NUMBER
International Standard Book Number 9789712722486
050 ## - LIBRARY OF CONGRESS CALL NUMBER
Classification number 615.5
050 ## - LIBRARY OF CONGRESS CALL NUMBER
Item number C261 2010
100 ## - MAIN ENTRY--PERSONAL NAME
Personal name Carandang, Ma. Lourdes A.
245 #4 - TITLE STATEMENT
Title The magic of play :
245 ## - TITLE STATEMENT
Remainder of title Children heal through play therapy /
245 ## - TITLE STATEMENT
Statement of responsibility, etc by Ma. Lourdes A. Carandang.
260 ## - PUBLICATION, DISTRIBUTION, ETC. (IMPRINT)
Place of publication, distribution, etc Philippines :
260 ## - PUBLICATION, DISTRIBUTION, ETC. (IMPRINT)
Name of publisher, distributor, etc Anvil,
260 ## - PUBLICATION, DISTRIBUTION, ETC. (IMPRINT)
Date of publication, distribution, etc 2010
300 ## - PHYSICAL DESCRIPTION
Extent 208 pages :
300 ## - PHYSICAL DESCRIPTION
Other physical details illustrations ;
300 ## - PHYSICAL DESCRIPTION
Dimensions 22cm.
650 ## - SUBJECT ADDED ENTRY--TOPICAL TERM
Topical term or geographic name as entry element Child psychotherapy.
650 ## - SUBJECT ADDED ENTRY--TOPICAL TERM
Topical term or geographic name as entry element Play theraphy.
650 ## - SUBJECT ADDED ENTRY--TOPICAL TERM
Topical term or geographic name as entry element Play therapy --
650 ## - SUBJECT ADDED ENTRY--TOPICAL TERM
Topical term or geographic name as entry element Title.
650 ## - SUBJECT ADDED ENTRY--TOPICAL TERM
General subdivision Methods.

No items available.

The magic of play :

APA

Carandang M. L. A., .The magic of play. Philippines: .

Chicago

Carandang Ma Lourdes A, .The magic of play. Philippines: .

Harvard

Carandang M. L. A., .The magic of play. Philippines: .

MLA

Carandang Ma Lourdes A, .Philippines: . .

  • Print
  • Cite
  • Add to your cart (remove)
  • Save record
    BIBTEX Dublin Core MARCXML MARC (non-Unicode/MARC-8) MARC (Unicode/UTF-8) MARC (Unicode/UTF-8, Standard) MODS (XML) RIS
  • More searches
    Search for this title in:
    Other Libraries (WorldCat) Other Databases (Google Scholar) Online Stores (Bookfinder.com) Open Library (openlibrary.org)

Exporting to Dublin Core...

SOUTHVILLE LIBRARY

Southville International School and Colleges Library

1281 Tropical Ave. Cor. Luxembourg St., BF Homes International, Las Pinas City

Tel. No. 8256374 / 252358 Loc. 117/146

Powered by Koha